[Event "182nd Stay Safe Play From Home series"]
[Site "T#646404Emanuel Laske"]
[Date "2020.05.28"]
[Round "1"]
[White "Dj amir"]
[Black "Weltszmerc"]
[Result "1-0"]
[WhiteElo "2421"]
[BlackElo "2011"]
[PlyCount "93"]
[EventDate "2020.05.28"]
[EventType "swiss (blitz)"]

1. c4 {[%emt 0:00:00]} b6 {[%emt 0:00:03]} 2. Nc3 {[%emt 0:00:00]} Bb7 {[%emt 0:00:00]} 3. Nf3 {[%emt 0:00:00]} Nf6 {[%emt 0:00:00]} 4. g3 {[%emt 0:00:00]} e6 {[%emt 0:00:00]} 5. Bg2 {[%emt 0:00:00]} d5 {[%emt 0:00:00]} 6. O-O {[%emt 0:00:01]} Be7 {[%emt 0:00:00]} 7. Ne5 {[%emt 0:00:01]} O-O {[%emt 0:00:01]} 8. d4 {[%emt 0:00:00]} c6 {[%emt 0:00:01]} 9. Qc2 {[%emt 0:00:01]} Nbd7 {[%emt 0:00:01]} 10. Rd1 {[%emt 0:00:00]} Nxe5 {[%emt 0:00:01]} 11. dxe5 {[%emt 0:00:00]} Nd7 {[%emt 0:00:01]} 12. e4 {[%emt 0:00:01]} dxc4 {[%emt 0:00:01]} 13. f4 {[%emt 0:00:01]} b5 {[%emt 0:00:01]} 14. Kh1 {[%emt 0:00:02]} Qc7 {[%emt 0:00:01]} 15. a4 {[%emt 0:00:00]} a6 {[%emt 0:00:01]} 16. Bd2 {[%emt 0:00:02]} Nc5 {[%emt 0:00:01]} 17. Be3 {[%emt 0:00:00]} Nd3 {[%emt 0:00:03]} 18. a5 {[%emt 0:00:01]} Rad8 {[%emt 0:00:04]} 19. Bb6 {[%emt 0:00:01]} Qc8 {[%emt 0:00:03]} 20. Bxd8 {[%emt 0:00:01]} Rxd8 {[%emt 0:00:00]} 21. Qe2 {[%emt 0:00:01]} Bc5 {[%emt 0:00:02]} 22. Rf1 {[%emt 0:00:03]} Qc7 {[%emt 0:00:02]} 23. h3 {[%emt 0:00:01]} Bc8 {[%emt 0:00:03]} 24. Kh2 {[%emt 0:00:01]} Qa7 {[%emt 0:00:01]} 25. Rfd1 {[%emt 0:00:01]} Qc7 {[%emt 0:00:04]} 26. b3 {[%emt 0:00:01]} Bd4 {[%emt 0:00:06]} 27. Qc2 {[%emt 0:00:04]} Nb4 {[%emt 0:00:02]} 28. Qc1 {[%emt 0:00:03]} cxb3 {[%emt 0:00:02]} 29. Rb1 {[%emt 0:00:01]} Bxc3 {[%emt 0:00:03]} 30. Qxc3 {[%emt 0:00:01]} Rxd1 {[%emt 0:00:01]} 31. Rxd1 {[%emt 0:00:00]} Qxa5 {[%emt 0:00:02]} 32. Qxb3 {[%emt 0:00:04]} h6 {[%emt 0:00:01]} 33. Qc3 {[%emt 0:00:02]} Qa4 {[%emt 0:00:02]} 34. Rd8+ {[%emt 0:00:01]} Kh7 {[%emt 0:00:02]} 35. Rxc8 {[%emt 0:00:00]} Na2 {[%emt 0:00:01]} 36. Qd2 {[%emt 0:00:01]} Qb3 {[%emt 0:00:01]} 37. Rxc6 {[%emt 0:00:02]} Nb4 {[%emt 0:00:00]} 38. Rc3 {[%emt 0:00:01]} Qb1 {[%emt 0:00:01]} 39. h4 {[%emt 0:00:02]} Qa2 {[%emt 0:00:00]} 40. Qxa2 {[%emt 0:00:01]} Nxa2 {[%emt 0:00:00]} 41. Rb3 {[%emt 0:00:00]} Nb4 {[%emt 0:00:00]} 42. Rxb4 {[%emt 0:00:01]} a5 {[%emt 0:00:00]} 43. Rxb5 {[%emt 0:00:01]} a4 {[%emt 0:00:00]} 44. Ra5 {[%emt 0:00:00]} a3 {[%emt 0:00:00]} 45. Rxa3 {[%emt 0:00:00]} g5 {[%emt 0:00:00]} 46. h5 {[%emt 0:00:01]} gxf4 {[%emt 0:00:00]} 47. gxf4 {[%emt 0:00:00] Czas partii (Lag: Av=0.74s, max=1.0s) '} 1-0

[Event "182nd Stay Safe Play From Home series"]
[Site "T#646404Emanuel Laske"]
[Date "2020.05.28"]
[Round "1"]
[White "Rogan"]
[Black "Don59as"]
[Result "1-0"]
[WhiteElo "2223"]
[BlackElo "2004"]
[Annotator "NA"]
[PlyCount "91"]
[EventDate "2020.05.28"]
[EventType "swiss (blitz)"]

1. d4 {[%emt 0:00:02]} d5 {[%emt 0:00:01]} 2. c3 {[%emt 0:00:00]} e6 {[%emt 0:00:01]} 3. Nf3 {[%emt 0:00:00]} Nf6 {[%emt 0:00:00]} 4. Bg5 {[%emt 0:00:00]} Be7 {[%emt 0:00:00]} 5. e3 {[%emt 0:00:00]} Ne4 {[%emt 0:00:01]} 6. Bxe7 {[%emt 0:00:01]} Qxe7 {[%emt 0:00:00]} 7. Nbd2 {[%emt 0:00:00]} f5 {[%emt 0:00:01]} 8. Ne5 {[%emt 0:00:01]} Nd7 {[%emt 0:00:02]} 9. Qh5+ {[%emt 0:00:01]} g6 {[%emt 0:00:04]} 10. Nxg6 {[%emt 0:00:01]} Ndf6 {[%emt 0:00:01]} 11. Nxe7+ {[%emt 0:00:02]} Nxh5 {[%emt 0:00:01]} 12. Nxe4 {[%emt 0:00:06]} fxe4 {[%emt 0:00:02]} 13. Nxd5 {[%emt 0:00:06]} exd5 {[%emt 0:00:01]} 14. c4 {[%emt 0:00:00]} Nf6 {[%emt 0:00:01]} 15. cxd5 {[%emt 0:00:00]} Nxd5 {[%emt 0:00:01]} 16. Bc4 {[%emt 0:00:01]} c6 {[%emt 0:00:00]} 17. O-O {[%emt 0:00:03]} Be6 {[%emt 0:00:01]} 18. Bxd5 {[%emt 0:00:01]} Bxd5 {[%emt 0:00:01]} 19. f3 {[%emt 0:00:01]} Ke7 {[%emt 0:00:02]} 20. fxe4 {[%emt 0:00:01]} Bxe4 {[%emt 0:00:00]} 21. Rf4 {[%emt 0:00:01]} Bd5 {[%emt 0:00:01]} 22. Raf1 {[%emt 0:00:00]} Rhf8 {[%emt 0:00:01]} 23. a3 {[%emt 0:00:01]} Rxf4 {[%emt 0:00:02]} 24. Rxf4 {[%emt 0:00:00]} Rf8 {[%emt 0:00:00]} 25. Rh4 {[%emt 0:00:00]} Rf7 {[%emt 0:00:02]} 26. e4 {[%emt 0:00:01]} Bc4 {[%emt 0:00:01]} 27. h3 {[%emt 0:00:01]} b5 {[%emt 0:00:02]} 28. e5 {[%emt 0:00:01]} Ke6 {[%emt 0:00:02]} 29. Rh6+ {[%emt 0:00:01]} Kd5 {[%emt 0:00:01]} 30. Rd6+ {[%emt 0:00:01]} Ke4 {[%emt 0:00:00]} 31. e6 {[%emt 0:00:01]} Bd5 {[%emt 0:00:00]} 32. exf7 {[%emt 0:00:02]} Bxf7 {[%emt 0:00:01]} 33. Rxc6 {[%emt 0:00:02]} Kxd4 {[%emt 0:00:01]} 34. Rc7 {[%emt 0:00:00]} Bc4 {[%emt 0:00:02]} 35. Rxh7 {[%emt 0:00:01]} Kd3 {[%emt 0:00:00]} 36. Rxa7 {[%emt 0:00:01]} Kc2 {[%emt 0:00:00]} 37. Rc7 {[%emt 0:00:01]} Kxb2 {[%emt 0:00:01]} 38. a4 {[%emt 0:00:01]} bxa4 {[%emt 0:00:05]} 39. Rxc4 {[%emt 0:00:01]} a3 {[%emt 0:00:00]} 40. Rc8 {[%emt 0:00:01]} a2 {[%emt 0:00:00]} 41. Ra8 {[%emt 0:00:00]} a1=Q+ {[%emt 0:00:02]} 42. Rxa1 {[%emt 0:00:00]} Kxa1 {[%emt 0:00:00]} 43. h4 {[%emt 0:00:00]} Kb2 {[%emt 0:00:00]} 44. h5 {[%emt 0:00:00]} Kc3 {[%emt 0:00:00]} 45. h6 {[%emt 0:00:00]} Kd4 {[%emt 0:00:00]} 46. h7 {[%emt 0:00:00] Don59as resigns (Lag: Av=0.87s, max=3.2s)} 1-0

[Event "182nd Stay Safe Play From Home series"]
[Site "T#646404Emanuel Laske"]
[Date "2020.05.28"]
[Round "1"]
[White "Little champs"]
[Black "Greblah"]
[Result "1/2-1/2"]
[WhiteElo "2191"]
[BlackElo "1916"]
[PlyCount "119"]
[EventDate "2020.05.28"]
[EventType "swiss (blitz)"]

1. d4 {[%emt 0:00:01]} c6 {[%emt 0:00:00]} 2. e4 {[%emt 0:00:02]} d5 {[%emt 0:00:00]} 3. exd5 {[%emt 0:00:02]} cxd5 {[%emt 0:00:01]} 4. Nf3 {[%emt 0:00:00]} Nc6 {[%emt 0:00:01]} 5. Be2 {[%emt 0:00:00]} g6 {[%emt 0:00:01]} 6. O-O {[%emt 0:00:00]} Bg7 {[%emt 0:00:01]} 7. Bf4 {[%emt 0:00:01]} Nh6 {[%emt 0:00:01]} 8. c3 {[%emt 0:00:01]} O-O {[%emt 0:00:01]} 9. Qd2 {[%emt 0:00:01]} Nf5 {[%emt 0:00:02]} 10. Bd3 {[%emt 0:00:00]} Nd6 {[%emt 0:00:02]} 11. Re1 {[%emt 0:00:01]} Bf5 {[%emt 0:00:01]} 12. Na3 {[%emt 0:00:01]} Bxd3 {[%emt 0:00:01]} 13. Qxd3 {[%emt 0:00:01]} Ne4 {[%emt 0:00:01]} 14. Nc2 {[%emt 0:00:04]} e6 {[%emt 0:00:01]} 15. Ne3 {[%emt 0:00:01]} a6 {[%emt 0:00:01]} 16. h3 {[%emt 0:00:01]} b5 {[%emt 0:00:01]} 17. a4 {[%emt 0:00:01]} b4 {[%emt 0:00:01]} 18. Ne5 {[%emt 0:00:02]} Nxe5 {[%emt 0:00:01]} 19. dxe5 {[%emt 0:00:00]} bxc3 {[%emt 0:00:02]} 20. bxc3 {[%emt 0:00:01]} Rc8 {[%emt 0:00:01]} 21. Rac1 {[%emt 0:00:01]} Qa5 {[%emt 0:00:01]} 22. Ng4 {[%emt 0:00:05]} Rxc3 {[%emt 0:00:02]} 23. Rxc3 {[%emt 0:00:01]} Qxc3 {[%emt 0:00:01]} 24. Qxc3 {[%emt 0:00:01]} Nxc3 {[%emt 0:00:00]} 25. a5 {[%emt 0:00:01]} Rb8 {[%emt 0:00:03]} 26. Kh2 {[%emt 0:00:02]} d4 {[%emt 0:00:02]} 27. Nf6+ {[%emt 0:00:02]} Bxf6 {[%emt 0:00:02]} 28. exf6 {[%emt 0:00:01]} Rd8 {[%emt 0:00:01]} 29. Be5 {[%emt 0:00:01]} Nb5 {[%emt 0:00:03]} 30. Rc1 {[%emt 0:00:03]} d3 {[%emt 0:00:01]} 31. Bf4 {[%emt 0:00:01]} h6 {[%emt 0:00:04]} 32. Bxh6 {[%emt 0:00:01]} Kh7 {[%emt 0:00:00]} 33. Bg5 {[%emt 0:00:01]} Rd5 {[%emt 0:00:02]} 34. h4 {[%emt 0:00:01]} d2 {[%emt 0:00:06]} 35. Rd1 {[%emt 0:00:01]} Nc3 {[%emt 0:00:02]} 36. Rxd2 {[%emt 0:00:01]} Rxd2 {[%emt 0:00:01]} 37. Bxd2 {[%emt 0:00:01]} Nd5 {[%emt 0:00:00]} 38. Kg3 {[%emt 0:00:01]} Nxf6 {[%emt 0:00:01]} 39. f3 {[%emt 0:00:01]} Nd5 {[%emt 0:00:00]} 40. Kg4 {[%emt 0:00:01]} Kg7 {[%emt 0:00:00]} 41. Kg5 {[%emt 0:00:01]} f5 {[%emt 0:00:01]} 42. h5 {[%emt 0:00:01]} gxh5 {[%emt 0:00:01]} 43. Kxh5 {[%emt 0:00:00]} Nf6+ {[%emt 0:00:01]} 44. Kg5 {[%emt 0:00:01]} Nd5 {[%emt 0:00:00]} 45. Bc1 {[%emt 0:00:01]} Kf7 {[%emt 0:00:00]} 46. Bb2 {[%emt 0:00:00]} Nb4 {[%emt 0:00:01]} 47. g4 {[%emt 0:00:00]} Nd5 {[%emt 0:00:01]} 48. gxf5 {[%emt 0:00:01]} exf5 {[%emt 0:00:00]} 49. Kxf5 {[%emt 0:00:00]} Ne3+ {[%emt 0:00:00]} 50. Ke4 {[%emt 0:00:01]} Nc4 {[%emt 0:00:00]} 51. Bc3 {[%emt 0:00:00]} Nd6+ {[%emt 0:00:00]} 52. Kd5 {[%emt 0:00:01]} Nb5 {[%emt 0:00:00]} 53. Bd2 {[%emt 0:00:00]} Na3 {[%emt 0:00:01]} 54. Kc6 {[%emt 0:00:00]} Nb5 {[%emt 0:00:00]} 55. Bb4 {[%emt 0:00:01]} Nd4+ {[%emt 0:00:00]} 56. Kb6 {[%emt 0:00:00]} Nxf3 {[%emt 0:00:00]} 57. Kxa6 {[%emt 0:00:00]} Ne5 {[%emt 0:00:00]} 58. Kb6 {[%emt 0:00:01]} Nc4+ {[%emt 0:00:00]} 59. Kb5 {[%emt 0:00:01]} Nxa5 {[%emt 0:00:00]} 60. Kxa5 {[%emt 0:00:00] (Lag: Av=0.46s, max=1.6s)} 1/2-1/2

[Event "182nd Stay Safe Play From Home series"]
[Site "T#646404Emanuel Laske"]
[Date "2020.05.28"]
[Round "1"]
[White "SoulofWolf"]
[Black "Broken sword"]
[Result "0-1"]
[WhiteElo "2147"]
[BlackElo "2509"]
[PlyCount "104"]
[EventDate "2020.05.28"]
[EventType "swiss (blitz)"]

1. f4 {[%emt 0:00:01]} d5 {[%emt 0:00:02]} 2. Nc3 {[%emt 0:00:00]} c6 {[%emt 0:00:00]} 3. e3 {[%emt 0:00:01]} Nf6 {[%emt 0:00:00]} 4. Nf3 {[%emt 0:00:00]} Bg4 {[%emt 0:00:00]} 5. Be2 {[%emt 0:00:01]} Bxf3 {[%emt 0:00:01]} 6. Bxf3 {[%emt 0:00:00]} Nbd7 {[%emt 0:00:00]} 7. O-O {[%emt 0:00:00]} e5 {[%emt 0:00:00]} 8. d3 {[%emt 0:00:01]} Bd6 {[%emt 0:00:01]} 9. b3 {[%emt 0:00:00]} Qe7 {[%emt 0:00:01]} 10. g3 {[%emt 0:00:00]} Ba3 {[%emt 0:00:01]} 11. Bd2 {[%emt 0:00:01]} Bb4 {[%emt 0:00:01]} 12. Bg2 {[%emt 0:00:01]} O-O {[%emt 0:00:01]} 13. Qe2 {[%emt 0:00:01]} Rfe8 {[%emt 0:00:01]} 14. Rae1 {[%emt 0:00:02]} exf4 {[%emt 0:00:02]} 15. gxf4 {[%emt 0:00:01]} Rad8 {[%emt 0:00:01]} 16. a4 {[%emt 0:00:00]} a5 {[%emt 0:00:01]} 17. Nb1 {[%emt 0:00:03]} Bxd2 {[%emt 0:00:02]} 18. Qxd2 {[%emt 0:00:00]} b6 {[%emt 0:00:00]} 19. h3 {[%emt 0:00:02]} Nc5 {[%emt 0:00:01]} 20. Kh1 {[%emt 0:00:02]} Nh5 {[%emt 0:00:02]} 21. Qf2 {[%emt 0:00:01]} g6 {[%emt 0:00:01]} 22. Bf3 {[%emt 0:00:01]} Ng7 {[%emt 0:00:01]} 23. Rg1 {[%emt 0:00:00]} Qd7 {[%emt 0:00:01]} 24. Kh2 {[%emt 0:00:03]} Qd6 {[%emt 0:00:01]} 25. Qg3 {[%emt 0:00:01]} Nf5 {[%emt 0:00:01]} 26. Qf2 {[%emt 0:00:04]} d4 {[%emt 0:00:00]} 27. e4 {[%emt 0:00:01]} Qxf4+ {[%emt 0:00:01]} 28. Kh1 {[%emt 0:00:01]} Ne3 {[%emt 0:00:00]} 29. Re2 {[%emt 0:00:05]} Ne6 {[%emt 0:00:01]} 30. Nd2 {[%emt 0:00:03]} Qf6 {[%emt 0:00:04]} 31. Qg3 {[%emt 0:00:03]} Nf4 {[%emt 0:00:02]} 32. Rf2 {[%emt 0:00:00]} Qe5 {[%emt 0:00:01]} 33. Nc4 {[%emt 0:00:01]} Nxc4 {[%emt 0:00:01]} 34. bxc4 {[%emt 0:00:01]} Nh5 {[%emt 0:00:01]} 35. Qg2 {[%emt 0:00:02]} Ng7 {[%emt 0:00:02]} 36. Bg4 {[%emt 0:00:01]} Re7 {[%emt 0:00:01]} 37. Rgf1 {[%emt 0:00:01]} Rf8 {[%emt 0:00:01]} 38. Kg1 {[%emt 0:00:01]} Qd6 {[%emt 0:00:01]} 39. Rf3 {[%emt 0:00:01]} Qb4 {[%emt 0:00:01]} 40. h4 {[%emt 0:00:01]} Qxa4 {[%emt 0:00:01]} 41. R1f2 {[%emt 0:00:00]} Qb4 {[%emt 0:00:01]} 42. h5 {[%emt 0:00:00]} Qc5 {[%emt 0:00:01]} 43. hxg6 {[%emt 0:00:01]} hxg6 {[%emt 0:00:01]} 44. Bh3 {[%emt 0:00:02]} Qh5 {[%emt 0:00:01]} 45. Rg3 {[%emt 0:00:01]} b5 {[%emt 0:00:02]} 46. Bg4 {[%emt 0:00:00]} Qh4 {[%emt 0:00:02]} 47. cxb5 {[%emt 0:00:00]} cxb5 {[%emt 0:00:01]} 48. Rh3 {[%emt 0:00:00]} Qg5 {[%emt 0:00:00]} 49. Qh2 {[%emt 0:00:01]} Nh5 {[%emt 0:00:00]} 50. Rg2 {[%emt 0:00:02]} Qc1+ {[%emt 0:00:03]} 51. Kf2 {[%emt 0:00:02]} Qd2+ {[%emt 0:00:01]} 52. Kg1 {[%emt 0:00:00]} Qe1# {[%emt 0:00:01] (Lag: Av=0.53s, max=1.0s)} 0-1

[Event "182nd Stay Safe Play From Home series"]
[Site "T#646404Emanuel Laske"]
[Date "2020.05.28"]
[Round "1"]
[White "Castlingarrocco"]
[Black "Lamborghini"]
[Result "1-0"]
[WhiteElo "1902"]
[BlackElo "2183"]
[PlyCount "95"]
[EventDate "2020.05.28"]
[EventType "swiss (blitz)"]

1. d4 {[%emt 0:00:02]} Nf6 {[%emt 0:00:06]} 2. e3 {[%emt 0:00:00]} g6 {[%emt 0:00:01]} 3. Nf3 {[%emt 0:00:00]} Bg7 {[%emt 0:00:00]} 4. b3 {[%emt 0:00:00]} O-O {[%emt 0:00:01]} 5. Bb2 {[%emt 0:00:00]} d5 {[%emt 0:00:00]} 6. Bd3 {[%emt 0:00:01]} c6 {[%emt 0:00:00]} 7. Qe2 {[%emt 0:00:00]} a5 {[%emt 0:00:00]} 8. Nbd2 {[%emt 0:00:00]} a4 {[%emt 0:00:01]} 9. c4 {[%emt 0:00:00]} a3 {[%emt 0:00:01]} 10. Bc3 {[%emt 0:00:01]} b6 {[%emt 0:00:02]} 11. b4 {[%emt 0:00:01]} Ba6 {[%emt 0:00:03]} 12. b5 {[%emt 0:00:02]} cxb5 {[%emt 0:00:02]} 13. cxb5 {[%emt 0:00:00]} Bb7 {[%emt 0:00:01]} 14. Bb4 {[%emt 0:00:01]} Ne4 {[%emt 0:00:01]} 15. O-O {[%emt 0:00:05]} Nd7 {[%emt 0:00:02]} 16. Rac1 {[%emt 0:00:01]} f5 {[%emt 0:00:01]} 17. Bxe4 {[%emt 0:00:01]} fxe4 {[%emt 0:00:01]} 18. Ne1 {[%emt 0:00:01]} Rf6 {[%emt 0:00:03]} 19. Bc3 {[%emt 0:00:01]} Rc8 {[%emt 0:00:03]} 20. f3 {[%emt 0:00:01]} exf3 {[%emt 0:00:01]} 21. Nexf3 {[%emt 0:00:00]} Rxc3 {[%emt 0:00:02]} 22. Rxc3 {[%emt 0:00:01]} Re6 {[%emt 0:00:00]} 23. Rfc1 {[%emt 0:00:04]} h6 {[%emt 0:00:01]} 24. Nf1 {[%emt 0:00:02]} Re4 {[%emt 0:00:08]} 25. Qd2 {[%emt 0:00:02]} e5 {[%emt 0:00:01]} 26. dxe5 {[%emt 0:00:02]} d4 {[%emt 0:00:01]} 27. exd4 {[%emt 0:00:03]} g5 {[%emt 0:00:01]} 28. e6 {[%emt 0:00:02]} Re5 {[%emt 0:00:02]} 29. Nxe5 {[%emt 0:00:02]} Nxe5 {[%emt 0:00:01]} 30. d5 {[%emt 0:00:03]} Qd6 {[%emt 0:00:01]} 31. Ng3 {[%emt 0:00:04]} Bxd5 {[%emt 0:00:01]} 32. Rd1 {[%emt 0:00:02]} Ng4 {[%emt 0:00:02]} 33. Qxd5 {[%emt 0:00:03]} Qxd5 {[%emt 0:00:01]} 34. Rxd5 {[%emt 0:00:00]} Bxc3 {[%emt 0:00:01]} 35. Kf1 {[%emt 0:00:03]} Ne3+ {[%emt 0:00:02]} 36. Ke2 {[%emt 0:00:01]} Nxd5 {[%emt 0:00:00]} 37. Kd3 {[%emt 0:00:00]} Ne7 {[%emt 0:00:00]} 38. Kxc3 {[%emt 0:00:01]} Kg7 {[%emt 0:00:00]} 39. Ne4 {[%emt 0:00:00]} Kg6 {[%emt 0:00:01]} 40. Kd4 {[%emt 0:00:00]} Kf5 {[%emt 0:00:00]} 41. Nd6+ {[%emt 0:00:01]} Kxe6 {[%emt 0:00:01]} 42. Nc4 {[%emt 0:00:00]} Nf5+ {[%emt 0:00:00]} 43. Kc3 {[%emt 0:00:02]} Nd6 {[%emt 0:00:00]} 44. Nxb6 {[%emt 0:00:01]} Nxb5+ {[%emt 0:00:00]} 45. Kb4 {[%emt 0:00:01]} Nc7 {[%emt 0:00:00]} 46. Nc4 {[%emt 0:00:01]} Nd5+ {[%emt 0:00:00]} 47. Kc5 {[%emt 0:00:01]} Ne3 {[%emt 0:00:00]} 48. Nxa3 {[%emt 0:00:00] Zeit (Lag: Av=0.26s, max=0.4s)} 1-0

[Event "182nd Stay Safe Play From Home series"]
[Site "T#646404Emanuel Laske"]
[Date "2020.05.28"]
[Round "1"]
[White "Emresenar"]
[Black "Lazieri3"]
[Result "0-1"]
[WhiteElo "1765"]
[BlackElo "2021"]
[PlyCount "80"]
[EventDate "2020.05.28"]
[EventType "swiss (blitz)"]

1. e4 {[%emt 0:00:01]} c6 {[%emt 0:00:00]} 2. Nf3 {[%emt 0:00:01]} d5 {[%emt 0:00:00]} 3. exd5 {[%emt 0:00:00]} cxd5 {[%emt 0:00:00]} 4. d4 {[%emt 0:00:00]} Nc6 {[%emt 0:00:00]} 5. Bb5 {[%emt 0:00:01]} Nf6 {[%emt 0:00:02]} 6. O-O {[%emt 0:00:00]} Bd7 {[%emt 0:00:01]} 7. Bxc6 {[%emt 0:00:02]} Bxc6 {[%emt 0:00:01]} 8. Re1 {[%emt 0:00:00]} e6 {[%emt 0:00:01]} 9. c3 {[%emt 0:00:01]} Bd6 {[%emt 0:00:01]} 10. Bg5 {[%emt 0:00:01]} h6 {[%emt 0:00:01]} 11. Bh4 {[%emt 0:00:03]} g5 {[%emt 0:00:02]} 12. Bg3 {[%emt 0:00:01]} Bxg3 {[%emt 0:00:01]} 13. hxg3 {[%emt 0:00:02]} Qd6 {[%emt 0:00:01]} 14. Ne5 {[%emt 0:00:01]} Nd7 {[%emt 0:00:03]} 15. Nd2 {[%emt 0:00:01]} Nxe5 {[%emt 0:00:01]} 16. Rxe5 {[%emt 0:00:02]} O-O-O {[%emt 0:00:01]} 17. Nf3 {[%emt 0:00:02]} f6 {[%emt 0:00:01]} 18. Re3 {[%emt 0:00:03]} h5 {[%emt 0:00:01]} 19. Qe2 {[%emt 0:00:01]} Bd7 {[%emt 0:00:01]} 20. Re1 {[%emt 0:00:02]} h4 {[%emt 0:00:01]} 21. Nh2 {[%emt 0:00:04]} hxg3 {[%emt 0:00:02]} 22. Rxg3 {[%emt 0:00:00]} Rh6 {[%emt 0:00:03]} 23. Ng4 {[%emt 0:00:07]} Rg6 {[%emt 0:00:04]} 24. Qf3 {[%emt 0:00:02]} Rf8 {[%emt 0:00:03]} 25. Rh3 {[%emt 0:00:05]} e5 {[%emt 0:00:04]} 26. dxe5 {[%emt 0:00:02]} fxe5 {[%emt 0:00:00]} 27. Qg3 {[%emt 0:00:03]} Bxg4 {[%emt 0:00:03]} 28. Qxg4+ {[%emt 0:00:01]} Kc7 {[%emt 0:00:01]} 29. Rh7+ {[%emt 0:00:01]} Kb6 {[%emt 0:00:01]} 30. Qb4+ {[%emt 0:00:01]} Qxb4 {[%emt 0:00:01]} 31. cxb4 {[%emt 0:00:00]} e4 {[%emt 0:00:01]} 32. Rc1 {[%emt 0:00:01]} Rgf6 {[%emt 0:00:03]} 33. Rcc7 {[%emt 0:00:01]} Rxf2 {[%emt 0:00:02]} 34. Rxb7+ {[%emt 0:00:01]} Kc6 {[%emt 0:00:00]} 35. Rhc7+ {[%emt 0:00:01]} Kd6 {[%emt 0:00:01]} 36. Rd7+ {[%emt 0:00:00]} Ke5 {[%emt 0:00:01]} 37. Re7+ {[%emt 0:00:01]} Kd4 {[%emt 0:00:01]} 38. Rxa7 {[%emt 0:00:00]} g4 {[%emt 0:00:02]} 39. Ra4 {[%emt 0:00:00]} g3 {[%emt 0:00:01]} 40. b5+ {[%emt 0:00:00]} Kd3 {[%emt 0:00:00] Zaman (Lag: Av=0.71s, max=1.1s)} 0-1

[Event "182nd Stay Safe Play From Home series"]
[Site "T#646404Emanuel Laske"]
[Date "2020.05.28"]
[Round "2"]
[White "Broken sword"]
[Black "Castlingarrocco"]
[Result "0-1"]
[WhiteElo "2512"]
[BlackElo "1930"]
[PlyCount "70"]
[EventDate "2020.05.28"]
[EventType "swiss (blitz)"]

1. d4 {[%emt 0:00:00]} d5 {[%emt 0:00:01]} 2. c3 {[%emt 0:00:00]} c6 {[%emt 0:00:00]} 3. Nf3 {[%emt 0:00:00]} e6 {[%emt 0:00:00]} 4. Qb3 {[%emt 0:00:00]} f5 {[%emt 0:00:00]} 5. Bg5 {[%emt 0:00:00]} Nf6 {[%emt 0:00:01]} 6. Nbd2 {[%emt 0:00:01]} Be7 {[%emt 0:00:01]} 7. Bxf6 {[%emt 0:00:00]} Bxf6 {[%emt 0:00:01]} 8. e3 {[%emt 0:00:00]} O-O {[%emt 0:00:01]} 9. c4 {[%emt 0:00:00]} Qe7 {[%emt 0:00:01]} 10. cxd5 {[%emt 0:00:01]} exd5 {[%emt 0:00:00]} 11. Bc4 {[%emt 0:00:01]} dxc4 {[%emt 0:00:01]} 12. Qxc4+ {[%emt 0:00:00]} Be6 {[%emt 0:00:01]} 13. Qc2 {[%emt 0:00:00]} Bd5 {[%emt 0:00:01]} 14. O-O {[%emt 0:00:01]} Nd7 {[%emt 0:00:01]} 15. Rfe1 {[%emt 0:00:00]} g5 {[%emt 0:00:01]} 16. Nf1 {[%emt 0:00:03]} g4 {[%emt 0:00:01]} 17. N3d2 {[%emt 0:00:00]} Qg7 {[%emt 0:00:04]} 18. Nc4 {[%emt 0:00:01]} Bxc4 {[%emt 0:00:02]} 19. Qxc4+ {[%emt 0:00:01]} Kh8 {[%emt 0:00:00]} 20. Qb3 {[%emt 0:00:00]} Nb6 {[%emt 0:00:01]} 21. a4 {[%emt 0:00:01]} Rab8 {[%emt 0:00:01]} 22. a5 {[%emt 0:00:00]} Nd5 {[%emt 0:00:01]} 23. Rac1 {[%emt 0:00:01]} f4 {[%emt 0:00:01]} 24. e4 {[%emt 0:00:02]} Ne7 {[%emt 0:00:04]} 25. d5 {[%emt 0:00:01]} cxd5 {[%emt 0:00:02]} 26. exd5 {[%emt 0:00:00]} Bd4 {[%emt 0:00:01]} 27. Rcd1 {[%emt 0:00:00]} f3 {[%emt 0:00:02]} 28. g3 {[%emt 0:00:04]} b6 {[%emt 0:00:02]} 29. a6 {[%emt 0:00:03]} Bc5 {[%emt 0:00:02]} 30. d6 {[%emt 0:00:02]} Ng6 {[%emt 0:00:01]} 31. d7 {[%emt 0:00:02]} Rbd8 {[%emt 0:00:01]} 32. Qd5 {[%emt 0:00:00]} Ne7 {[%emt 0:00:02]} 33. Qe6 {[%emt 0:00:01]} Qxb2 {[%emt 0:00:02]} 34. Qxg4 {[%emt 0:00:01]} Qxf2+ {[%emt 0:00:01]} 35. Kh1 {[%emt 0:00:01]} Qg1# {[%emt 0:00:00] (Lag: Av=0.23s, max=0.4s)} 0-1

[Event "182nd Stay Safe Play From Home series"]
[Site "T#646404Emanuel Laske"]
[Date "2020.05.28"]
[Round "2"]
[White "Lamborghini"]
[Black "Little champs"]
[Result "1-0"]
[WhiteElo "2155"]
[BlackElo "2180"]
[Annotator "NA"]
[PlyCount "35"]
[EventDate "2020.05.28"]
[EventType "swiss (blitz)"]

1. e4 {[%emt 0:00:01]} c5 {[%emt 0:00:01]} 2. Nf3 {[%emt 0:00:01]} d6 {[%emt 0:00:01]} 3. d4 {[%emt 0:00:01]} cxd4 {[%emt 0:00:00]} 4. Nxd4 {[%emt 0:00:00]} Nf6 {[%emt 0:00:00]} 5. Nc3 {[%emt 0:00:00]} a6 {[%emt 0:00:00]} 6. Bg5 {[%emt 0:00:01]} e5 {[%emt 0:00:00]} 7. Bxf6 {[%emt 0:00:03]} gxf6 {[%emt 0:00:01]} 8. Nde2 {[%emt 0:00:02]} f5 {[%emt 0:00:00]} 9. Ng3 {[%emt 0:00:02]} f4 {[%emt 0:00:01]} 10. Nge2 {[%emt 0:00:02]} Be6 {[%emt 0:00:01]} 11. g3 {[%emt 0:00:01]} f3 {[%emt 0:00:02]} 12. Ng1 {[%emt 0:00:01]} Bg4 {[%emt 0:00:01]} 13. h3 {[%emt 0:00:01]} Bh5 {[%emt 0:00:01]} 14. Nxf3 {[%emt 0:00:01] Little champs reconnected.} Nc6 {[%emt 0:00:04]} 15. Be2 {[%emt 0:00:05]} Rg8 {[%emt 0:00:01]} 16. Nd5 {[%emt 0:00:03]} Rc8 {[%emt 0:00:01]} 17. c3 {[%emt 0:00:01]} Ne7 {[%emt 0:00:01]} 18. Nf6# {[%emt 0:00:01] (Lag: Av=3.25s, max=47.5s)} 1-0

[Event "182nd Stay Safe Play From Home series"]
[Site "T#646404Emanuel Laske"]
[Date "2020.05.28"]
[Round "2"]
[White "SoulofWolf"]
[Black "Emresenar"]
[Result "1-0"]
[WhiteElo "2143"]
[BlackElo "1759"]
[Annotator "NA"]
[PlyCount "39"]
[EventDate "2020.05.28"]
[EventType "swiss (blitz)"]

1. d4 {[%emt 0:00:00]} b6 {[%emt 0:00:01]} 2. Nf3 {[%emt 0:00:00]} Bb7 {[%emt 0:00:00]} 3. Bg5 {[%emt 0:00:00]} Bxf3 {[%emt 0:00:03]} 4. exf3 {[%emt 0:00:01]} h6 {[%emt 0:00:00]} 5. Bh4 {[%emt 0:00:00]} g5 {[%emt 0:00:01]} 6. Bg3 {[%emt 0:00:01]} d6 {[%emt 0:00:01]} 7. Bd3 {[%emt 0:00:00]} Nd7 {[%emt 0:00:01]} 8. O-O {[%emt 0:00:00]} c5 {[%emt 0:00:01]} 9. Re1 {[%emt 0:00:00]} Ngf6 {[%emt 0:00:03]} 10. dxc5 {[%emt 0:00:02]} dxc5 {[%emt 0:00:03]} 11. Bb5 {[%emt 0:00:00]} e6 {[%emt 0:00:06]} 12. Bc6 {[%emt 0:00:02]} Rc8 {[%emt 0:00:01]} 13. Bb7 {[%emt 0:00:00]} Bg7 {[%emt 0:00:08]} 14. Nc3 {[%emt 0:00:01]} O-O {[%emt 0:00:01]} 15. Bxc8 {[%emt 0:00:01]} Qxc8 {[%emt 0:00:01]} 16. Qe2 {[%emt 0:00:01]} Rd8 {[%emt 0:00:01]} 17. Rad1 {[%emt 0:00:01]} Qc6 {[%emt 0:00:01]} 18. Rd6 {[%emt 0:00:04]} Qxd6 {[%emt 0:00:03]} 19. Bxd6 {[%emt 0:00:01]} Ne5 {[%emt 0:00:01] Emresenar terk eder} 20. Bxe5 {[%emt 0:00:01] (Lag: Av=0.63s, max=0.9s)} 1-0